Zur Kritik des sprachwissenschaftlichen Strukturalismus /

Uložené v:
Podrobná bibliografia
Hlavný autor: Motsch, Wolfgang, 1934- (Author)
Médium: Kniha
Jazyk:German
Vydané: Berlin : Akademie-Verlag, 1974.
Edícia:Sprache und Gesellschaf
Fyzický popis: 192 strán.
Tagy: Pridať tag
Žiadne tagy, Buďte prvý kto otaguje tento záznam!

MARC

LEADER 00000nam a22000002i 4500
001 000673321
005 20211208085801.0
008 211208s1974 gw e 000 0 ger d
020 |c Kčs 48,00  |q (brožované) 
040 |a SVKKK  |b slo  |c SVKKK  |e rda 
100 1 |a Motsch, Wolfgang,  |d 1934-  |4 aut 
245 1 0 |a Zur Kritik des sprachwissenschaftlichen Strukturalismus /  |c Wolfgang Motsch. 
264 1 |a Berlin :  |b Akademie-Verlag,  |c 1974. 
300 |a 192 strán. 
336 |a text  |b txt  |2 rdacontent 
337 |a bez média  |b n  |2 rdamedia 
338 |a zväzok  |b nc  |2 rdacarrier 
490 1 |a Sprache und Gesellschaft  |v Band 3 
500 |a Záznam revízie 
830 0 |a Sprache und Gesellschaf 
910 |a svkkk 
998 |a BK 
090 |g SCKHL  |k Sklad Pribinova 2. posch.  |a III.106849  |j 514221  |i 2720683818  |s Absenčne